000 00439nam a2200169Ia 4500
008 210716s2011 xx 000 0 und d
020 _a9788174469328
041 _aeng
082 _a001.44 BHAS
100 _aBhakar, S S;Mehta, Seema.
245 _aSystematic guide to write a research paper.
250 _a1
260 _aNew Delhi
_bExcel Books
_c2011
300 _axv,255
650 _aNone
700 _aBhakar, S S;Mehta, Seema.
999 _c206689
_d206689